Movies Quiz

Random Movies or Actor Quiz

Movie Cast Match (1999) Quiz Stats

 Plays Quiz Updated Aug 9, 2017

Support Sporcle.
Go Orange.
Score 0/40 Timer 08:00
1 Play Today
% Correct
Toy Story 2
93.2%
Austin Powers: The Spy Who Shagged Me
93.1%
The Sixth Sense
92.1%
The Matrix
91.2%
The Green Mile
88.7%
Fight Club
87.8%
Wild Wild West
86.4%
South Park: Bigger Longer & Uncut
86.4%
Big Daddy
85.7%
The Mummy
85.5%
Notting Hill
84.4%
American Beauty
84%
American Pie
83.8%
Eyes Wide Shut
83.8%
Runaway Bride
83.2%
Star Wars: Episode I - The Phantom Menace
83.2%
Analyze This
81.7%
Sleepy Hollow
80%
Deuce Bigalow: Male Gigolo
79.6%
10 Things I Hate About You
78%
% Correct
The Talented Mr. Ripley
76.9%
Cruel Intentions
75.9%
Never Been Kissed
75.4%
Three Kings
75.4%
Galaxy Quest
74.2%
Inspector Gadget
73.9%
Girl, Interrupted
73.3%
The Thomas Crown Affair
73%
The World Is Not Enough
72.9%
Boys Don't Cry
72%
Man on the Moon
72%
Any Given Sunday
70%
The Bone Collector
69.6%
Dogma
68.5%
The Cider House Rules
68.3%
Entrapment
68.2%
Double Jeopardy
67.6%
Office Space
67.5%
She's All That
67.1%
Varsity Blues
65%

You're not logged in!

Compare scores with friends on all Sporcle quizzes.
OR
Log In
Forgot?

From the Vault

10 Decades of Baby Names (Boys)

by readysetgo88

The easiest way to get hints is to travel back in time and find a phone book.
Remove Ads.
Support Sporcle.
Get the best of Sporcle when you Go Orange. This ad-free experience offers more features, more stats, and more fun while also helping to support Sporcle. Thank you for becoming a member.

Show Comments

Extras

Top Quizzes Today


Score Distribution

Your Account Isn't Verified!

In order to create a playlist on Sporcle, you need to verify the email address you used during registration. Go to your Sporcle Settings to finish the process.

Report this User

Report this user for behavior that violates our Community Guidelines.

Details: